Đại Đường du hiệp ký

Uloženo v:
Podrobná bibliografie
Hlavní autor: Lương, Vũ Sinh
Médium: Kniha
Jazyk:Undetermined
Vydáno: Thành phố Hồ Chí Minh Nhà xuất bản Thành phố Hồ Chí Minh 2003
Témata:
Tagy: Přidat tag
Žádné tagy, Buďte první, kdo otaguje tento záznam!
Thư viện lưu trữ: Trung tâm Học liệu Trường Đại học Cần Thơ
LEADER 00634nam a2200193Ia 4500
001 CTU_60373
008 210402s9999 xx 000 0 und d
020 |b 35000 
082 |a 895.13 
082 |b S312/T.2 
100 |a Lương, Vũ Sinh 
245 0 |a Đại Đường du hiệp ký 
245 0 |c Lương Vũ Sinh; Cao Tự Thanh biên dịch 
260 |a Thành phố Hồ Chí Minh 
260 |b Nhà xuất bản Thành phố Hồ Chí Minh 
260 |c 2003 
650 |a Historical fiction, chinese ( vietnamese ) 
904 |i Minh 
980 |a Trung tâm Học liệu Trường Đại học Cần Thơ